000
00284nam a2200109Ia 4500
008
190216s9999||||xx |||||||||||||| ||und||
100
_a
Pattam G Ramachandran Nair
245
0
_a
Malayalam-Mahacharithamala
260
_b
Kairali Childrens Book Trust
650
_a
Malayalam
942
_c
BK
999
_c
25581
_d
25581